000 00578nam a2200205 a 4500
001 000047913
003 DO-SdBNP
005 20221130102607.0
007 ta
008 181003s2021 dr a r 000 0 spa d
040 _aDO-SdBNP
_bspa
_cBNPHU
082 _axxxxx
_bT332
_222
245 0 0 _aTertulia Presidente Luis Abinader con los escritores
260 _aSanto Domingo :
_bDundación de Estudios Económicos y Políticos, (FUNDESEP),
_c2021
300 _a31 p. :
_bil. ;
_c28 cm.
590 _aInventariado, 2022 / DG
830 0 _975475
910 _aDG
942 _2ddc
_cLF2
999 _c53035
_d53035